[Event "San Sebastian de los Reyes op 12th"]
[Site "San Sebastian"]
[Date "2010.12.07"]
[Round "8"]
[White "Alonso Garuti, Luis Eugenio"]
[Black "Garcia Martinez, Jorge"]
[Result "1/2-1/2"]
[WhiteElo "1957"]
[BlackElo "1752"]
[PlyCount "28"]
[EventDate "2010.11.30"]
[EventType "swiss"]
[EventRounds "9"]
[EventCountry "ESP"]
[SourceTitle "CBM 139 Extra"]
[Source "ChessBase"]
[SourceDate "2011.01.05"]
[SourceVersion "1"]
[SourceVersionDate "2011.01.05"]
[SourceQuality "1"]

1. e4 c5 2. Nf3 d6 3. d4 cxd4 4. Nxd4 Nf6 5. Nc3 g6 6. Bc4 Bg7 7. f3 0-0 8. Be3 Nc6 9. Qd2 Bd7 10. Bb3 Na5 11. 0-0-0 Nxb3+ 12. axb3 Qa5 13. Na4 Qd8 14. Nc3 Qa5 1/2-1/2

[Event "San Sebastian de los Reyes op 12th"]
[Site "San Sebastian"]
[Date "2010.12.05"]
[Round "6"]
[White "Cavalle Pulla, Daniel"]
[Black "Garcia Martinez, Jorge"]
[Result "1-0"]
[WhiteElo "1847"]
[BlackElo "1752"]
[PlyCount "107"]
[EventDate "2010.11.30"]
[EventType "swiss"]
[EventRounds "9"]
[EventCountry "ESP"]
[SourceTitle "CBM 139 Extra"]
[Source "ChessBase"]
[SourceDate "2011.01.05"]
[SourceVersion "1"]
[SourceVersionDate "2011.01.05"]
[SourceQuality "1"]

1. e4 c5 2. Nf3 d6 3. c3 Nf6 4. h3 Nbd7 5. Bd3 b6 6. 0-0 Bb7 7. Re1 Qc7 8. Bc2 Rc8 9. d3 g6 10. Bf4 e5 11. Bg3 Bg7 12. Nbd2 0-0 13. Rc1 Nh5 14. Bh2 a5 15. Ba4 Ba6 16. c4 Nf4 17. Nb1 Nb8 18. Nc3 Nc6 19. Bxf4 exf4 20. Nd5 Qd8 21. Bxc6 Rxc6 22. b3 g5 23. d4 Bc8 24. e5 g4 25. hxg4 Bxg4 26. Qd3 dxe5 27. Nxe5 Bxe5 28. dxe5 Qh4 29. Nf6+ Kh8 30. Qe4 Rxf6 31. exf6 Qxf6 32. Qe5 Qxe5 33. Rxe5 Rg8 34. Kf1 Rd8 35. Rd5 Rb8 36. a4 Be6 37. Rd6 Kg7 38. Rcd1 Rb7 39. Ke2 Bf5 40. R1d2 Be4 41. f3 Bf5 42. Kf2 Be6 43. g3 fxg3+ 44. Kxg3 Kf6 45. Kf4 Ke7 46. Rc6 Rb8 47. Ke5 h5 48. Rc7+ Kf8 49. Kf6 h4 50. f4 Re8 51. f5 Bc8 52. Rxf7+ Kg8 53. Rg2+ Kh8 54. Rgg7 1-0

[Event "Tres Cantos op 2nd"]
[Site "Tres Cantos"]
[Date "2010.06.22"]
[Round "4"]
[White "Garcia Martinez, Jorge"]
[Black "Cano Cabanillas, Javier"]
[Result "1-0"]
[WhiteElo "1749"]
[BlackElo "1960"]
[PlyCount "47"]
[EventDate "2010.06.19"]
[EventType "swiss"]
[EventRounds "9"]
[EventCountry "ESP"]
[SourceTitle "CBM 137 Extra"]
[Source "ChessBase"]
[SourceDate "2010.09.01"]
[SourceVersion "1"]
[SourceVersionDate "2010.09.01"]
[SourceQuality "1"]

1. e4 e6 2. d4 d5 3. Nc3 Nf6 4. e5 Nfd7 5. f4 c5 6. Nf3 Nc6 7. Be3 cxd4 8. Nxd4 Bc5 9. Qd2 0-0 10. 0-0-0 a6 11. Kb1 Nxd4 12. Bxd4 b5 13. Bxc5 Nxc5 14. Qd4 Qc7 15. Bd3 Rb8 16. f5 b4 17. f6 bxc3 18. Bxh7+ Kh8 19. Qxc3 gxf6 20. Qh3 fxe5 21. Bd3+ Kg7 22. Qh7+ Kf6 23. Qh4+ Kg7 24. Qg5+ 1-0

[Event "San Sebastian Constitucion op 11th"]
[Site "San Sebastian"]
[Date "2009.12.04"]
[Round "5"]
[White "Garcia Martinez, Jorge"]
[Black "Lopez de Turiso, Jose Angel"]
[Result "0-1"]
[WhiteElo "1738"]
[BlackElo "2094"]
[PlyCount "64"]
[EventDate "2009.11.30"]
[EventType "swiss"]
[EventRounds "9"]
[EventCountry "ESP"]
[SourceTitle "CBM 133 Extra"]
[Source "ChessBase"]
[SourceDate "2010.01.05"]
[SourceVersion "1"]
[SourceVersionDate "2010.01.05"]
[SourceQuality "1"]

1. e4 e5 2. Nf3 Nc6 3. d4 exd4 4. Bc4 Nf6 5. e5 Ne4 6. Bd5 Nc5 7. Nxd4 Nxe5 8. 0-0 Be7 9. Re1 d6 10. Bf4 0-0 11. Nc3 c6 12. b4 Ng6 13. bxc5 Nxf4 14. Bb3 dxc5 15. Nxc6 bxc6 16. Qf3 Bf6 17. Rad1 Qc7 18. Ne4 Be5 19. g3 Ne6 20. c3 Ba6 21. Qe3 c4 22. Bc2 Qb6 23. Qxb6 axb6 24. f4 Bf6 25. Rd6 Bb5 26. Nxf6+ gxf6 27. f5 Ng5 28. Rxf6 Nf3+ 29. Kf2 Nxe1 30. Kxe1 Rxa2 31. Kd1 Rd8+ 32. Kc1 Kg7 0-1

[Event "San Sebastian Constitucion op 11th"]
[Site "San Sebastian"]
[Date "2009.11.30"]
[Round "1"]
[White "Garcia Martinez, Jorge"]
[Black "Madina Yadarola, Martin"]
[Result "0-1"]
[WhiteElo "1738"]
[BlackElo "2265"]
[PlyCount "56"]
[EventDate "2009.11.30"]
[EventType "swiss"]
[EventRounds "9"]
[EventCountry "ESP"]
[SourceTitle "CBM 133 Extra"]
[Source "ChessBase"]
[SourceDate "2010.01.05"]
[SourceVersion "1"]
[SourceVersionDate "2010.01.05"]
[SourceQuality "1"]

1. e4 g6 2. d4 Bg7 3. Nc3 c6 4. Be3 d6 5. Qd2 b5 6. Nf3 Nf6 7. Bd3 Ng4 8. Bf4 e5 9. dxe5 dxe5 10. Bg3 f6 11. Nxb5 cxb5 12. Bxb5+ Ke7 13. Qb4+ Qd6 14. Qxd6+ Kxd6 15. 0-0-0+ Ke7 16. Rd3 Be6 17. Rhd1 a6 18. Ba4 Ra7 19. Rd6 Nh6 20. Rb6 Nf7 21. Ne1 Rc8 22. f3 Bh6+ 23. Kb1 Be3 24. Rb4 a5 25. Rb5 Nd6 26. Rb3 Bxb3 27. Bxb3 Nc4 28. Ka1 a4 0-1